|
|
|
|
| LEADER |
02390nam a2200361 a 4500 |
| 001 |
2559725 |
| 008 |
100428m20061996mauaf b 001 0 eng d |
| 010 |
|
|
|a 95013631
|
| 020 |
|
|
|a 8131705056
|a 8178080389
|
| 020 |
|
|
|a 0201848406
|
| 040 |
|
|
|a DLC
|c DLC
|d DLC
|d DB-DhAAL
|
| 082 |
0 |
0 |
|a 006.6/6
|2 20
|
| 999 |
|
|
|c 8323
|d 8323
|
| 999 |
|
|
|c 8323
|
| 245 |
0 |
0 |
|a Computer graphics :
|b principles and practice /
|c James D. Foley ... [et al.].
|
| 250 |
|
|
|a 2nd ed. in C.
|
| 260 |
|
|
|a Reading, Mass. :
|b Addison-Wesley ;
|a New Delhi :
|b Pearson Education,
|c 1996.[Impression 2006, Reprinted 2004]
|
| 300 |
|
|
|a xxiii, 1158 p., [36] p. of plates :
|b ill. (some col.) ;
|c 25 cm.
|
| 490 |
0 |
|
|a Addison-Wesley systems programming series
|
| 504 |
|
|
|a Includes bibliographical references and index.
|
| 541 |
1 |
|
|e 00015480
|
| 650 |
|
0 |
|a Computer graphics.
|
| 700 |
1 |
|
|a Foley, James D.,
|d 1942-
|9 1382
|
| 852 |
4 |
|
|a Ayesha Abed Library
|j General Shelf.
|
| 942 |
|
|
|2 ddc
|c BK
|0 7
|
| 952 |
|
|
|0 0
|1 0
|2 ddc
|4 0
|6 006_660000000000000_COM_2006
|7 0
|9 9584
|a BRACUL
|b BRACUL
|c GEN
|d 2010-04-29
|l 21
|m 201
|o 006.66 COM
|p 3010015480
|r 2026-01-19
|s 2025-06-17
|t 1
|w 2010-04-29
|y BK
|
| 952 |
|
|
|0 0
|1 0
|2 ddc
|4 0
|6 006_660000000000000_COM_2006
|7 0
|9 9585
|a BRACUL
|b BRACUL
|c GEN
|d 2010-04-29
|l 23
|m 275
|o 006.66 COM
|p 3010015476
|r 2025-12-01
|s 2025-08-03
|t 2
|w 2010-04-29
|y BK
|
| 952 |
|
|
|0 0
|1 0
|2 ddc
|4 0
|6 006_660000000000000_COM_2006
|7 0
|9 9586
|a BRACUL
|b BRACUL
|c GEN
|d 2010-04-29
|l 22
|m 253
|o 006.66 COM
|p 3010015478
|r 2026-02-01
|s 2025-10-26
|t 3
|w 2010-04-29
|y BK
|
| 952 |
|
|
|0 0
|1 0
|2 ddc
|4 0
|6 006_660000000000000_COM_2006
|7 0
|9 13095
|a BRACUL
|b BRACUL
|c GEN
|d 2010-11-06
|l 18
|m 177
|o 006.66 COM
|p 3010015479
|r 2026-05-17
|s 2023-01-26
|t 4
|w 2010-11-06
|y BK
|
| 952 |
|
|
|0 0
|1 0
|2 ddc
|4 0
|6 006_660000000000000_COM_2005
|7 0
|9 13096
|a BRACUL
|b BRACUL
|c GEN
|d 2010-11-06
|l 19
|m 149
|o 006.66 COM
|p 3010013908
|r 2024-01-03
|s 2024-01-03
|t 5
|w 2010-11-06
|y BK
|
| 952 |
|
|
|0 0
|1 0
|2 ddc
|4 0
|6 006_660000000000000_COM_2006
|7 0
|9 13152
|a BRACUL
|b BRACUL
|c GEN
|d 2010-11-07
|l 24
|m 216
|o 006.66 COM
|p 3010015477
|r 2026-02-19
|s 2025-06-22
|t 6
|w 2010-11-07
|y BK
|
| 952 |
|
|
|0 0
|1 0
|2 ddc
|4 0
|6 006_660000000000000_COM
|7 0
|9 17472
|a BRACUL
|b BRACUL
|c GEN
|d 2011-07-16
|l 18
|m 106
|o 006.66 COM
|p 3010012087
|r 2026-04-29
|s 2026-04-12
|t 7
|w 2011-07-16
|y BK
|x Price not available in Register
|
| 952 |
|
|
|0 0
|1 0
|2 ddc
|4 0
|6 006_600000000000000_6_COM
|7 0
|9 17688
|a BRACUL
|b BRACUL
|c GEN
|d 2011-07-30
|l 17
|m 135
|o 006.66 COM
|p 3010013911
|r 2025-11-19
|s 2025-10-11
|t 8
|w 2011-07-30
|y BK
|